Films avec Paul Mercey (par image) - Statistiques

Statistiques générales
  • Ce quiz a été pris 3 fois
  • Le résultat moyen est 7 sur 16
Statistiques - réponses
Par images Réponse % Correct
La Grande vadrouille
100%
Les Tontons flingueurs
100%
Les Vieux de la vieille
67%
On a retrouvé la septième compagnie
67%
Deux heures moins le quart avant Jésus-Christ
33%
La Raison du plus fou
33%
Le Gendarme en balade
33%
Les Aventures de Rabbi Jacob
33%
Les Bricoleurs
33%
Les Chinois à Paris
33%
Le Tatoué
33%
L'Œil du Monocle
33%
Rue des Prairies
33%
Un Singe en hiver
33%
Les Honneurs de la guerre
0%
Liberté, égalité, choucroute
0%
Aucun quiz correspondant
Distribution des résultats
% des personnes avec chaque résultat
Percentile par nombre de réponses
Votre historique - résultats
Vous n’avez pas pris ce quiz